000 00483nam a2200181Ia 4500
999 _c29249
_d29249
003 OSt
005 20201216115450.0
008 190216s9999||||xx |||||||||||||| ||und||
020 _a9788126409419
040 _coclc
082 _a894.8121
_bSOL/U
100 _aSolaman
_97579
245 0 _aUthamageetham /
_cSolomon
260 _bDc Books ,
_aKottayam:
_c2006.
300 _a63p
650 _aKavitha
942 _cBK
_2ddc
_h894.8121
_iSOL/U
_k894.8121
_mSOL/U